| 000 | nam a22 a 4500 | ||
|---|---|---|---|
| 999 |
_c503 _d503 |
||
| 003 | AKMAL | ||
| 005 | 20170504095936.0 | ||
| 008 | 170504s2013 my ab g b 000 0 may d | ||
| 020 |
_a9789792525953 _qhardback _cRM 308.00 |
||
| 040 | _aAKMAL | ||
| 082 | 0 | 4 |
_a297.63 SIR _222 |
| 090 | 0 | 0 |
_a297.63 _bSIR |
| 245 | 0 | 0 |
_aSIRAH TERAGUNG MUHAMMAD : _bRUJUKAN TERLENGKAP HIDUP RASULULLAH SAW DARI SEBELUM KELAHIRAN HINGGA DETIK-DETIK TERAKHIR / _cPenyusun : Ahmad Hatta ; Editor : Erwyn Kurniawan |
| 264 | 1 |
_aKajang, Selangor : _bMaghfirah Pustaka (M) Sdn Bhd, _c2013 |
|
| 300 |
_a616 pages : _bcolour illustrations, maps ; _c30 cm |
||
| 500 | _aContains verses from the Qur'an | ||
| 504 | _aBibliography: pages 616 | ||
| 600 | 0 |
_aMuhammad, _cProphet, _d-632 _91135 |
|
| 650 | 1 | 0 |
_aProphets in the Qur'an _9757 |
| 700 | 0 |
_aAhmad Hatta, _eeditor. _91136 |
|
| 700 | 0 |
_aErwyn Kurniawan, _eeditor. _91137 |
|
| 942 |
_2ddc _cBOOK |
||
| 950 | _lAKMAL | ||